000
00241nam a2200097Ia 4500
001
690262
005
20250826161813.0
008
250824s9999 xx 000 0 und d
245
0
_a
GÖLGE İKTİDAR
_c
ŞAMİL TAYYAR
260
_b
TİMAŞ YAYINLARI
999
_c
690262
_d
690262